International migration, economic development & policy / (Record no. 15501)

000 -LEADER
fixed length control field 01023cam a2200277 a 4500
020 ## - INTERNATIONAL STANDARD BOOK NUMBER
ISBN 9780821369357
020 ## - INTERNATIONAL STANDARD BOOK NUMBER
ISBN 0821369350
020 ## - INTERNATIONAL STANDARD BOOK NUMBER
ISBN 0821369369 (electronic)
020 ## - INTERNATIONAL STANDARD BOOK NUMBER
ISBN 9780821369364 (electronic)
040 ## - CATALOGING SOURCE
Transcribing agency DLC
082 00 - DEWEY DECIMAL CLASSIFICATION NUMBER
Classification number 304 WOR 2007 A077 Or.
245 00 - TITLE STATEMENT
Title International migration, economic development & policy /
246 3# - VARYING FORM OF TITLE
Title proper/short title International migration, economic development, and policy
260 ## - PUBLICATION, DISTRIBUTION, ETC. (IMPRINT)
Place of publication Washington, DC :
Name of publisher World Bank ;
Place of publication Basingstoke ;
-- New York :
Name of publisher Palgrave Macmillan,
Year of publication c2007.
300 ## - PHYSICAL DESCRIPTION
Number of Pages xvii, 299 p. :
Other physical details ill. ;
Dimensions 23 cm.
650 #0 - SUBJECT ADDED ENTRY--TOPICAL TERM
Topical Term Emigration and immigration.
650 #0 - SUBJECT ADDED ENTRY--TOPICAL TERM
Topical Term Emigrant remittances.
650 #0 - SUBJECT ADDED ENTRY--TOPICAL TERM
Topical Term Emigration and immigration
700 1# - ADDED ENTRY--PERSONAL NAME
Personal name Özden, Çaglar.
700 1# - ADDED ENTRY--PERSONAL NAME
Personal name Schiff, Maurice W.
710 2# - ADDED ENTRY--CORPORATE NAME
Corporate name or jurisdiction name as entry element World Bank.
856 41 - ELECTRONIC LOCATION AND ACCESS
Uniform Resource Identifier http://www.loc.gov/catdir/toc/ecip0713/2007011294.html
856 42 - ELECTRONIC LOCATION AND ACCESS
Uniform Resource Identifier https://www.loc.gov/catdir/enhancements/fy1609/2007011294-b.html
856 42 - ELECTRONIC LOCATION AND ACCESS
Uniform Resource Identifier https://www.loc.gov/catdir/enhancements/fy1609/2007011294-d.html
942 ## - ADDED ENTRY ELEMENTS (KOHA)
Koha item type សៀវភៅភាសាអង់គ្លេស
952 ## - LOCATION AND ITEM INFORMATION (KOHA)
Withdrawn status [LOCAL, KOHA] 0
Holdings
Permanent Location Date acquired Koha item type Lost status Shelving location Barcode Current Location Full call number
Library Block A2017-11-28សៀវភៅភាសាអង់គ្លេស A077A07178Library Block A304 WOR 2007 A077 Or.
មជ្ឈមណ្ឌលឯការនៃសាកលវិទ្យាល័យភូមិន្ទកសិកម្មចំការដូង

Powered by Koha